| 000 | 00987nas a2200337 a 4500 | ||
|---|---|---|---|
| 008 | 110818c19869999ja mr p 0 0jpnr | ||
| 040 |
_aEG-GiCUC _bjap _cEG-GiCUC |
||
| 041 | 0 |
_aeng _ajpn |
|
| 043 |
_aaw----- _aa-ja--- |
||
| 092 | 0 | 4 |
_a952.04 _bj26 _221 |
| 099 |
_a04 _a952.04 j26 |
||
| 245 | 0 | 0 |
_a家族の手紙 = _bjAL family letter |
| 246 | 1 | 8 | _aJAL家族の手紙 |
| 246 | 3 | _ajAL family letter | |
| 246 | 3 | 0 | _a家族の手紙 |
| 260 |
_ajapan: _b[japan{u2019}s airlines co], _c1996- |
||
| 300 |
_av. ; _c30 cm. |
||
| 310 | _amonthly | ||
| 362 | 0 | _aNo. 1 (1986)- | |
| 500 | _aTitle from cover. | ||
| 530 | _aAlso issued online. | ||
| 546 | _aIn Japanese, some English. | ||
| 590 | _aLibrary has . | ||
| 650 | 0 | _aJAPAN | |
| 650 | 0 |
_aJAPAN _xHistory and criticism |
|
| 710 | 2 | _ajapan{u2019}s airlines co. | |
| 905 |
_aAbeer _eCat. |
||
| 905 | _eRev. | ||
| 942 |
_2ddc _cBK |
||
| 999 |
_c150052 _d150052 |
||